000 01167nam a22003617a 4500
003 CHAP
005 20220329141526.0
008 971013s1989 r 00010 d
010 _a69568
011 _a70540
035 _a80021
040 _cCHAP
090 _aFolleto 12374
100 0 0 _aSchuh, G. Edward.
_9103206
245 _aHuman capital for agricultural development in Latin América
260 _aSan José, C. R. :
_bIICA,
_c1989
300 _a39 p.
490 _aProgram papers
_v; 11
500 _a34-226
590 _aBATCH-UPD
_b10
_c20130110
_lUCH01
_h0209
590 _aBATCH-UPD
_b10
_c20130110
_lUCH01
_h1042
590 _aBATCH-UPD
_b10
_c20130409
_lUCH01
_h2223
590 _aBATCH-UPD
_b10
_c20130410
_lUCH01
_h1443
590 _aBATCH-UPD
_b10
_c20130913
_lUCH01
_h2123
590 _aCONVERSION
_b10
_c20130109
_lUCH01
_h1338
650 1 4 _aAgricultura
_xInvestigación
_xAmérica Latina.
_91580
650 1 4 _aAgricultura
_xTrabajadores
_xAmérica Latina.
_91843
700 0 _aAngeli-Schuch, M. Ignez.
_95784
830 0 _aProgram papers
_v; 11
_992249
901 _aBK
942 _cFOLL
949 _aFolleto 12374
_bBC
_cFOLL
_d-32915
_eTS1
_i80021
_si
999 _c69568
_d69568